Zverejňovanie objednávok v praxi
Oblasť správneho, úplného a zákonného zverejňovania objednávok v prostredí územnej samosprávy. Praktické prípady a spracované odpovede na otázky týkajúcich sa zverejňovania na webových sídlach. Formy objednávok, ktoré podliehajú zverejneniu, časová lehota a výnimky.
Gespeichert in:
| 1. Verfasser: | |
|---|---|
| Format: | Buchkapitel |
| Sprache: | Slowakisch |
| Schlagworte: | |
| Tags: |
Keine Tags, Fügen Sie das erste Tag hinzu!
|
MARC
| LEADER | 00000naa a2200000 4500 | ||
|---|---|---|---|
| 001 | 0238353 | ||
| 005 | 20171221091848.0 | ||
| 041 | 0 | |a slo | |
| 044 | |a SK | ||
| 245 | 1 | 0 | |a Zverejňovanie objednávok v praxi |c Jozef Sýkora |
| 520 | |a Oblasť správneho, úplného a zákonného zverejňovania objednávok v prostredí územnej samosprávy. Praktické prípady a spracované odpovede na otázky týkajúcich sa zverejňovania na webových sídlach. Formy objednávok, ktoré podliehajú zverejneniu, časová lehota a výnimky. | ||
| 610 | 2 | 0 | |a objednávky |
| 610 | 2 | 0 | |a samospráva |
| 610 | 2 | 0 | |a úpravy právne |
| 610 | 2 | 0 | |a informácie obchodno-ekonomické |
| 100 | 1 | |a Sýkora, Jozef | |